Moriarty /

Další autoři: Horowitz, Anthony, 1955-, Liebert, Emily., Carol, James, 1969-, Zevin, Gabrielle, 1977-, Mayerová, Zuzana, 1953-, Kušiaková Pafková, Hana, 1970-, Lipčík, Roman, 1958-, Zbořil, Jiří
Jazyk: Čeština
Vydáno: Praha : Tarsago Česká republika, 2015
Vydání: Vydání první
Edice: Nejlepší světové čtení (Tarsago Česká republika)
Reader's Digest
Témata:
Fyzický popis: 526 stran : ilustrace, portréty ; 21 cm
Knihy
Uloženo v:
LEADER 02471nam a2200577 i 4500
001 nkc20152756239
003 CZ PrNK
005 20260504121317.0
007 ta
008 151202s2015 xr ac g 000 f cze
015 |a cnb002756239 
020 |a 978-80-7406-315-2  |q (brožováno) 
035 |a (OCoLC)946293197 
040 |a BOA001  |b cze  |e rda 
041 1 |a cze  |h eng 
072 7 |a 821.111-3  |x Anglická próza, anglicky psaná  |2 Konspekt  |9 25 
080 |a 821.111-31  |2 MRF 
080 |a (0:82-31)  |2 MRF 
080 |a (082.21)  |2 MRF 
245 0 0 |a Moriarty /  |c Anthony Horowitz ; z anglického originálu Moriarty ... přeložila Zuzana Mayerová. Kdysi jsme se znaly / Emily Liebertová ; z anglického originálu You knew me when ... přeložila Hana Kušiaková. Dobře se dívej / James Carol ; z anglického originálu Watch me ... přeložil Roman Lipčík. Sebrané dílo A.J. Fikryho / Gabrielle Zevinová ; z anglického originálu The collected work of A.J. Fikry ... přeložil Jiří Zbořil 
250 |a Vydání první 
264 1 |a Praha :  |b Tarsago Česká republika,  |c 2015 
300 |a 526 stran :  |b ilustrace, portréty ;  |c 21 cm 
336 |a text  |b txt  |2 rdacontent 
337 |a bez média  |b n  |2 rdamedia 
338 |a svazek  |b nc  |2 rdacarrier 
490 1 |a Nejlepší světové čtení 
490 1 |a Reader's Digest 
500 |a Název z obálky 
655 7 |a anglicky psané romány  |7 fd131805  |2 czenas 
655 7 |a výbory  |7 fd133853  |2 czenas 
655 9 |a fiction in English  |2 eczenas 
655 9 |a selected works  |2 eczenas 
700 1 2 |a Horowitz, Anthony,  |d 1955-  |t Moriarty.  |l Česky 
700 1 2 |a Liebert, Emily.  |t You knew me when.  |l Česky 
700 1 2 |a Carol, James,  |d 1969-  |t Watch me.  |l Česky 
700 1 2 |a Zevin, Gabrielle,  |d 1977-  |t Collected work of A.J. Fikry.  |l Česky 
700 1 |a Mayerová, Zuzana,  |d 1953-  |7 jk01080970  |4 trl 
700 1 |a Kušiaková Pafková, Hana,  |d 1970-  |7 xx0042570  |4 trl 
700 1 |a Lipčík, Roman,  |d 1958-  |7 jo20000071911  |4 trl 
700 1 |a Zbořil, Jiří  |7 pag2008454837  |4 trl 
740 0 2 |a Kdysi jsme se znaly 
740 0 2 |a Dobře se dívej 
740 0 2 |a Sebrané dílo A.J. Fikryho 
830 0 |a Nejlepší světové čtení (Tarsago Česká republika)  |0 s 
830 0 |a Reader's Digest  |0 s 
910 2 |a BOA001  |b 2-1360.506 
990 |a BK 
995 |a 01 
991 |b 201602  |c NOV 
996 6 |b 2610659361  |c 2-1360.506  |l MZK  |r Sklad / do 1 hodiny  |n 0  |p p.v.  |w 001544086  |u 000010  |a 1  |e BOA001  |j MZK50  |s P